|
|
|
|
| LEADER |
02854nam a2200409Ia 4500 |
| 001 |
bslw09238285 |
| 003 |
UtOrBLW |
| 005 |
20140618082037.0 |
| 006 |
m o d |
| 007 |
cr un||||||||| |
| 008 |
140618s2014 enk o 001 0 eng d |
| 020 |
|
|
|a 9781783506743 (electronic bk.) :
|c £66.95 ; É89.95 ; $114.95
|
| 040 |
|
|
|a UtOrBLW
|d GrThAP
|
| 050 |
|
4 |
|a HV6768
|b .E84 2014
|
| 072 |
|
7 |
|a KJG
|2 bicssc
|
| 072 |
|
7 |
|a BUS104000
|2 bisacsh
|
| 072 |
|
7 |
|a BUS008000
|2 bisacsh
|
| 080 |
|
|
|a 658
|
| 082 |
0 |
4 |
|a 364.168
|2 23
|
| 245 |
0 |
0 |
|a Ethics, governance and corporate crime
|h [electronic resource] :
|b challenges and consequences /
|c edited by Roshima Said, David Crowther, Azlan Amran.
|
| 260 |
|
|
|a Bingley, U.K. :
|b Emerald,
|c 2014.
|
| 300 |
|
|
|a 1 online resource (viii, 275 p.)
|
| 490 |
1 |
|
|a Developments in corporate governance and responsibility,
|x 2043-0523 ;
|v v. 6
|
| 500 |
|
|
|a Includes index.
|
| 505 |
0 |
|
|a Introduction : corporate crime and its constraint / Roshima Said, David Crowther, Azlan Amran -- Finance and sustainability : resources, capabilities, and rewards / Radiah Othman, Rashid Ameer -- Managerial ownership and firm performance : the influence of family directors and non-family directors / Hasnah Kamardin -- Corporate social responsibility perception among developing country Smes : an exploratory study / Azlan Amran, Mehran Nejati -- Ethics and tax compliance / Norasmila Awang, Azlan Amran -- The corporate ethical identity of Shari'ah compliant companies / Roshima Said ... [et al.] -- The role of auditing in the management of corporate fraud / Kamil Omoteso, Musa Obalola -- Shareholder activism in the family-controlled firms in Malaysia / Rashid Ameer, Siti Sakinah Azizan -- A philosophical foundation for corporate social responsibility : lessons from Kant's transcendental idealism as an exercise in life / Julia J.A. Shaw, Hillary J. Shaw -- Heroes to villains : an archaeology of corporate criminality / David Crowther -- Business ethics in society / Shahla Seifi, David Crowther.
|
| 520 |
|
|
|a This book is comprised of academic work on key current issues pertaining to the areas of ethics, governance and corporate crimes. The book provides a platform for researchers to publish their work, articulate their concerns and offer critical perspectives on what they see happening around them.
|
| 650 |
|
7 |
|a Business & Economics
|x Business Ethics.
|2 bisacsh
|
| 650 |
|
7 |
|a Business ethics.
|2 bicssc
|
| 650 |
|
0 |
|a Corporations
|x Corrupt practices.
|
| 650 |
|
0 |
|a Business ethics.
|
| 650 |
|
0 |
|a Commercial crimes.
|
| 700 |
1 |
|
|a Said, Roshima.
|
| 700 |
1 |
|
|a Crowther, David.
|
| 700 |
1 |
|
|a Amran, Azlan.
|
| 776 |
1 |
|
|z 9781783506736
|
| 830 |
|
0 |
|a Developments in corporate governance and responsibility ;
|v v. 6.
|
| 856 |
4 |
0 |
|u http://www.emeraldinsight.com/books.htm?issn=2043-0523&volume=6
|z Full Text via HEAL-Link
|